BIBLIOTECA

SENCICO

Dudas y errores de lenguaje (Registro nro. 1451)

Detalles MARC
000 -LEADER
fixed length control field 00495nam a2200217Ia 4500
005 - DATE AND TIME OF LATEST TRANSACTION
control field 20251020182512.0
008 - FIXED-LENGTH DATA ELEMENTS--GENERAL INFORMATION
fixed length control field 200515s9999 xx 000 0 und d
020 ## - INTERNATIONAL STANDARD BOOK NUMBER
International Standard Book Number 84-283-1287-7
082 ## - DEWEY DECIMAL CLASSIFICATION NUMBER
Classification number 651.74/.76/M26
100 ## - MAIN ENTRY--PERSONAL NAME
Personal name Martínez de Sousa, José
245 #0 - TITLE STATEMENT
Title Dudas y errores de lenguaje
250 ## - EDITION STATEMENT
Edition statement 4.ed
260 ## - PUBLICATION, DISTRIBUTION, ETC.
Place of publication, distribution, etc. Madrid
260 ## - PUBLICATION, DISTRIBUTION, ETC.
Name of publisher, distributor, etc. PARANINFO S.A.
260 ## - PUBLICATION, DISTRIBUTION, ETC.
Date of publication, distribution, etc. 1987
300 ## - PHYSICAL DESCRIPTION
Extent 366 p.
500 ## - GENERAL NOTE
General note 1 ejemplar
650 ## - SUBJECT ADDED ENTRY--TOPICAL TERM
Topical term or geographic name entry element LENGUAJE
942 ## - ADDED ENTRY ELEMENTS (KOHA)
Koha item type Libros
Existencias
Fecha de la última vez que lo usaron Pago total Signatura topográfica completa Código de barras Precio efectivo desde Tipo de documento Estado perdido Estado dañado No es para préstamo Retirado Ubicación permanente Ubicación actual Fecha de adquisición
15/05/2020   651.74/.76/M26 Bib-Lima15051451 15/05/2020 Libros         Biblioteca Central Lima Biblioteca Central Lima 15/05/2020